| 000 | 01227nam a22003497a 4500 | ||
|---|---|---|---|
| 003 | CHAP | ||
| 005 | 20220329140905.0 | ||
| 008 | 971013s1921 r 00010 d | ||
| 010 | _a59380 | ||
| 011 | _a60352 | ||
| 035 | _a64513 | ||
| 040 | _cCHAP | ||
| 082 |
_a581.82 _bP8 |
||
| 100 | 0 | 0 |
_aPujiula, Jaime. _992965 |
| 245 |
_aHistología, embriología y anatomía microscópica vegetales _b: o sea los tejidos vegetales, sus orígenes y relaciones |
||
| 260 |
_aBarcelona : _bEd. Científico-Médica, _c1921 |
||
| 300 |
_a550 p. _b: ilus. |
||
| 490 | _aCursos teórico-prácticos de biología | ||
| 590 |
_aBATCH-UPD _b10 _c20130110 _lUCH01 _h0057 |
||
| 590 |
_aBATCH-UPD _b10 _c20130110 _lUCH01 _h0758 |
||
| 590 |
_aBATCH-UPD _b10 _c20130409 _lUCH01 _h2046 |
||
| 590 |
_aBATCH-UPD _b10 _c20130410 _lUCH01 _h0436 |
||
| 590 |
_aBATCH-UPD _b10 _c20130914 _lUCH01 _h0326 |
||
| 590 |
_aCONVERSION _b10 _c20130109 _lUCH01 _h1332 |
||
| 650 | 1 | 4 |
_aAnatomía vegetal. _95495 |
| 650 | 1 | 4 |
_aCitología e histología vegetales. _923495 |
| 650 | 1 | 4 |
_aPlantas _xEmbriología. _988825 |
| 830 | 0 |
_aCursos teórico-prácticos de biología _930712 |
|
| 901 | _aBK | ||
| 942 | _cLIBRO | ||
| 949 |
_a581.82 P8 _bBC _cBPA _d-140885 _eBPA _h26789 _i64513 _si |
||
| 999 |
_c59380 _d59380 |
||